Normal view
MARC view
Entry Personal Name
001 - CONTROL NUMBER
- control field: 13772
003 - CONTROL NUMBER IDENTIFIER
- control field: BD-RjUL
005 - DATE AND TIME OF LATEST TRANSACTION
- control field: 20241009141958.0
008 - FIXED-LENGTH DATA ELEMENTS
- fixed length control field: 241009|| aca||aabn | a|a d
040 ## - CATALOGING SOURCE
- Original cataloging agency: BD-RjUL
- Transcribing agency: BD-RjUL
100 ## - HEADING--PERSONAL NAME
- Personal name: Watson, M. B.
- Fuller form of name: (Mearns Bruce)
670 ## - SOURCE DATA FOUND
- Source citation: Work cat.: (BD-RjUL)84101: Watson, M. B. (Mearns Bruce), Constitutional problems in organic chemistry /, c1963